Bratislava Business Center Konštrukčno-stavebné riešenie

Bibliographic Details
Main Author: Vlček, Karol (Author)
Format: Article
Language:Slovak
PhysicalDescription:Obr. 1
Subjects:

MARC

LEADER 00000nab a2200000 a 4500
001 vtls000584036
003 SK-MaSNL
005 20260426062929.0
008 120930c1996 xo 0 slo
015 |a SNBRB19rr/mm-uuuuu 
035 |a CL0584175 
040 |a SNKBUCL  |b slo  |c SNKBUCL  |e AACR2 
041 0 |a slo 
044 |a xo  |c SK 
080 |a 725.23(437.6)  |2 1981 
100 1 |a Vlček, Karol  |4 aut  |9 278588 
245 1 0 |a Bratislava Business Center  |b Konštrukčno-stavebné riešenie  |c Karol Vlček 
300 |b Obr. 1 
610 2 7 |a Bratislava Business Center (Bratislava, Slovensko)  |2 snkbucl  |9 1283783 
650 0 7 |a polyfunkčné areály  |2 snkbucl  |9 1089211 
651 7 |a Bratislava (Slovensko)  |2 snkbucl  |9 14568 
655 7 |a články z novín a časopisov  |2 snkbucl  |9 267496 
773 0 |t Slovenské stavebníctvo  |g Roč. 1, č. 5 (1996), s. 26 
850 |a Slovenská národná knižnica v Martine  |a MTA001 
852 |a SNK  |b KIS3GCP 
958 |a RK 
992 |a RBX 
999 |c 2550921  |d 2552851